<?xml version="1.0" encoding="UTF-8"?>
<record
    xmlns:xsi="http://www.w3.org/2001/XMLSchema-instance"
    xsi:schemaLocation="http://www.loc.gov/MARC21/slim http://www.loc.gov/standards/marcxml/schema/MARC21slim.xsd"
    xmlns="http://www.loc.gov/MARC21/slim">

  <leader>00844nam a2200205 i 4500</leader>
  <controlfield tag="001">24095</controlfield>
  <controlfield tag="003">ES-MaACL</controlfield>
  <controlfield tag="005">20251012063039.0</controlfield>
  <controlfield tag="007">t|</controlfield>
  <controlfield tag="008">021216s1948    sp           ||||1| spa d</controlfield>
  <datafield tag="100" ind1="0" ind2=" ">
    <subfield code="a">Amat y de Cortada, Rafael de,  </subfield>
    <subfield code="c">Bar&#xF3;n de Mald&#xE1;</subfield>
    <subfield code="9">21147</subfield>
  </datafield>
  <datafield tag="245" ind1="1" ind2="0">
    <subfield code="a">Badalona en las postrimer&#xED;as del siglo XVIII y en los albores del XIX</subfield>
    <subfield code="b">: (estancias de Don Rafael de Amat y de Cortada en " C&#xE2;n Pexau") / </subfield>
    <subfield code="c">Rafael de Amat y de Cortada ; pr&#xF3;logo y transcripci&#xF3;n por Jos&#xE9; M. Cuv&#xE1;s Tolosa.</subfield>
  </datafield>
  <datafield tag="260" ind1=" " ind2=" ">
    <subfield code="a">Badalona : </subfield>
    <subfield code="b">[s.n.], </subfield>
    <subfield code="c">1948 (</subfield>
    <subfield code="f">Artes Gr&#xE1;ficas Dur&#xE1;n)</subfield>
  </datafield>
  <datafield tag="300" ind1=" " ind2=" ">
    <subfield code="a">XXXVIII, 265 p. : </subfield>
    <subfield code="b">il. ; </subfield>
    <subfield code="c">19 cm.</subfield>
  </datafield>
  <datafield tag="490" ind1="1" ind2=" ">
    <subfield code="a">Hist&#xF3;rica Badalonesa</subfield>
  </datafield>
  <datafield tag="700" ind1="1" ind2=" ">
    <subfield code="a">Cuv&#xE1;s Tolosa, Jos&#xE9; M.</subfield>
    <subfield code="9">42298</subfield>
  </datafield>
  <datafield tag="830" ind1="0" ind2=" ">
    <subfield code="a">Hist&#xF3;rica Badalonesa</subfield>
    <subfield code="9">229071</subfield>
  </datafield>
  <datafield tag="852" ind1=" " ind2=" ">
    <subfield code="a">ES-MaACL</subfield>
    <subfield code="j">C-5605 </subfield>
    <subfield code="b">R.26066</subfield>
  </datafield>
  <datafield tag="999" ind1=" " ind2=" ">
    <subfield code="c">24095</subfield>
    <subfield code="d">24095</subfield>
  </datafield>
  <datafield tag="952" ind1=" " ind2=" ">
    <subfield code="0">0</subfield>
    <subfield code="1">0</subfield>
    <subfield code="4">0</subfield>
    <subfield code="7">0</subfield>
    <subfield code="a">ATENEOM</subfield>
    <subfield code="b">ATENEOM</subfield>
    <subfield code="c">SPAL</subfield>
    <subfield code="d">2008-01-17</subfield>
    <subfield code="e">SC</subfield>
    <subfield code="l">0</subfield>
    <subfield code="o">C-5605</subfield>
    <subfield code="p">1024834</subfield>
    <subfield code="r">2023-02-23 00:00:00</subfield>
    <subfield code="w">2023-02-23</subfield>
    <subfield code="y">MONOGRAFIA</subfield>
  </datafield>
</record>
